| 000 | 00905cam a22002773a 4500 | ||
|---|---|---|---|
| 001 | 6032 | ||
| 003 | PGUSA | ||
| 005 | 20140828083127.0 | ||
| 008 | 040701s2004||||xxu|||||s|||||000 | eng d | ||
| 040 |
_aPGUSA _beng |
||
| 042 | _adc | ||
| 050 | 4 | _aD | |
| 100 | 1 |
_aVillehardouin, Geoffroi de, _d1150-1212 |
|
| 245 | 1 | 0 |
_aMemoirs or Chronicle of the Fourth Crusade and the Conquest of Constantinople _h[electronic resource] / _cGeoffroi de Villehardouin |
| 260 |
_bProject Gutenberg, _c2004 |
||
| 506 | _aPublic domain in the USA. | ||
| 516 | _aElectronic text | ||
| 653 | _aCrusades -- Fourth, 1202-1204 | ||
| 653 | _aVenice (Italy) -- History -- 697-1508 | ||
| 653 | _aByzantine Empire -- History -- To 527 | ||
| 653 | _aIstanbul (Turkey) -- History | ||
| 653 | _aLatin Empire, 1204-1261 | ||
| 830 | 0 |
_aProject Gutenberg _v6032 |
|
| 856 | 4 | 0 | _uhttp://www.gutenberg.org/ebooks/6032 |
| 942 | _cEB | ||
| 999 |
_c235360 _d235360 |
||